00329nam a2200121Ia 450000500170000000800410001702000230005804100080008108200150008910000180010424500390012226000460016120250516165952.0250516s9999 xx 000 0 und d a9781909961722qpbk aeng a914.5bOWE aOwen, Richard 0aDh Lawrence In ItalycRichard Owen bUniversity of Chicago Pressc2020aLondon